Enfermedades del aparato respiratorio / (Record no. 153658)

MARC details
000 -LEADER
campo de control de longitud fija 01082nam a2200241 i 4500
001 - NÚMERO DE CONTROL
campo de control 153658
003 - IDENTIFICADOR DE NÚMERO DE CONTROL
campo de control ES-MaACL
005 - FECHA Y HORA DE LA ÚLTIMA TRANSACCIÓN
campo de control 20230906205328.0
008 - DATOS DE LONGITUD FIJA--INFORMACIÓN GENERAL
campo de control de longitud fija 000504m18841885sp a |||| | spa d
040 ## - FUENTE DE CATALOGACIÓN
Centro catalogador/agencia de origen CAM
Lengua de catalogación spa
Centro/agencia transcriptor CAM
245 00 - MENCIÓN DEL TÍTULO
Título Enfermedades del aparato respiratorio /
Mención de responsabilidad, etc. por B. Fraenkel ... [et. al.]; versión española del dr. Francisco Vallina.
260 ## - PUBLICACIÓN, DISTRIBUCIÓN, ETC.
Lugar de publicación, distribución, etc. Madrid :
Nombre del editor, distribuidor, etc. [s.n.],
Fecha de publicación, distribución, etc. 1884-1885 (
Fabricante Imprenta Central a cargo de Victor Saiz)
300 ## - DESCRIPCIÓN FÍSICA
Extensión 3 v. :
Otras características físicas il. ;
Dimensiones 23 cm.
490 1# - MENCIÓN DE SERIE
Mención de serie Tratado enciclopédico de patología médica y terapéutica / publicado bajo la dirección del dr. H. Ziemssen ;
Designación de volumen o secuencia 1-3
597 ## - NOTA DE DESCRIPCIÓN FÍSICA
NOTA DE DESCRIPCIÓN FÍSICA V.1 (533 p.) - V.2 (559 p.) - V.3 (953 p.)
650 #4 - PUNTO DE ACCESO ADICIONAL DE MATERIA--TÉRMINO DE MATERIA
Término de materia o nombre geográfico como elemento de entrada Aparato respiratorio-
Subdivisión general Enfermedades.
9 (RLIN) 135585
700 11 - ENTRADA AGREGADA--NOMBRE PERSONAL
Nombre de persona Fraenkel, B.
9 (RLIN) 127131
700 11 - ENTRADA AGREGADA--NOMBRE PERSONAL
Nombre de persona Ziemssen, H.
9 (RLIN) 134044
700 1# - ENTRADA AGREGADA--NOMBRE PERSONAL
Nombre de persona Vallina, Francisco.
9 (RLIN) 133527
830 0# - PUNTO DE ACCESO ADICIONAL DE SERIE-TÍTULO UNIFORME
Título uniforme Tratado enciclopédico de patología médica y terapéutica / publicado bajo la dirección del dr. H. Ziemssen ;
Designación de volumen o secuencia 1-3
9 (RLIN) 187771
852 ## - LOCALIZACIÓN
Ubicación ES-MaACL
Número de control de estantería B-12220-22
Nota libre -- Enc. pasta española
Holdings
Estatus retirado Estado de pérdida Estado de daño No para préstamo Colección Biblioteca de origen Biblioteca actual Ubicación en estantería Fecha de adquisición Total de préstamos Signatura topográfica completa Código de barras Visto por última vez Precio de reemplazo Tipo de ítem Koha
        Libros del s. XIX Biblioteca del Ateneo de Madrid Biblioteca del Ateneo de Madrid Sala Pardo Bazán 17/01/2008   B-12220-22 1160639 23/02/2023 23/02/2023 Libro impreso antiguo